000 00377nam a2200145Ia 4500
008 220217s9999||||xx |||||||||||||| ||und||
020 _a0-07-060234-4
082 _a519 SPI
100 _aSpiegel, Murry, R
_93473
245 0 _aTheory and problems of statistics
250 _a2nd
260 _aSchamus series
_bNew York
_c1998
300 _b670
650 _aMATHEMATICS
999 _c171991
_d171991